000 00759nam a22003137a 4500
001 BR0504649
003 BR-BrBNA
005 20230928102020.0
007 ta
008 230509b bl.||||| |||| 00| 0 por d
040 _aBR-BrBNA
_bpor
_cBiblioteca Nacional de Agricultura
041 _a(Por)
072 _aF01
_b0940
090 _ 0940 BR0504649
100 1 _aGobbato, C.
245 1 _aO abc do viticultor
260 3 _aSão Paulo, SP (Brasil):
_c1945.
300 _a103 p.
500 _a53 illus.
650 _aUVA
650 _aVITICULTURA
650 _aPRÁTICA CULTURAL
650 _aPRAGA DE PLANTA
650 _aDOENÇA DE PLANTA
650 _aADUBAÇÃO
650 _aPODA
909 _a202309
_bLucia
_c55
_dLucia Elande
942 _cBK
999 _c68714
_d68714